01353nam a2200265 a 450000100100000000500170001000800410002702000150006804000250008308200150010810000320012324500970015526000570025230000210030949000240033050000700035483000300042404900090045495201190046395201280058295201280071095201130083895201190095199900170107000002105020200930011222.0100830s1997 dr 000 0 spa d a1881715205 aDO-SdBNPbspacBNPHU axxxbS227i1 aSan Miguel, Pedro L.92050813aLa isla imaginada :bhistoria, identidad y utopía en La Española /cPedro L. San Miguel. aSanto Domingo :bIsla Negra ;bLa trinitaria,c1997. a183 p. ;c25 cm.1 aVisiones y Cegueras aIncluye datos biográficos del autor en la solapa de la cubierta 0aVisiones y Cegueras91120 aBNPD 0010718DSaGRbGRcHDd2011-02-14iLF1l0oxxx S227ip21050-30r2020-06-25te. 3w2020-06-25yLFDSZNo se presta 001054708DSaGRbGRcHDd2011-02-14iLF1l0oxxx S227ip21050-40r2020-06-25te. 4w2020-06-25yLFDSZPréstamo en sala 001054708DSaGRbGRcHDd2014-02-05iLF1l0oxxx S227ip21050-50r2020-06-25te. 5w2020-06-25yLFDSZPréstamo en sala 0010718PDaPDbPDcHDd2010-08-30iLF1l0oxxx S227ip21050-10r2020-06-25w2020-06-25yLFPDZNo se presta 0010718PDaPDbPDcHDd2011-02-14iLF1l0oxxx S227ip21050-20r2020-06-25te. 2w2020-06-25yLFPDZNo se presta c20553d20553